| 000 | 00558nam a22001817a 4500 | ||
|---|---|---|---|
| 003 | CEME | ||
| 005 | 20210628202755.0 | ||
| 008 | 210204b xxu||||| |||| 00| 0 eng d | ||
| 020 | _a0-19-579375-7 | ||
| 040 | _c. | ||
| 082 | _a954.1 KHA | ||
| 100 |
_aAbdul Rashid Khan _961550 |
||
| 245 | _aThe all india muslim educational conference, its contribution to the cultural development of indian muslims 1886-1947 | ||
| 260 |
_aPAKISTAN _bOXFORD UNIVERSITY PRESS _c2001 |
||
| 300 | _aXII,328P | ||
| 650 |
_aINDIAN MUSLIMS,1886-1947 _961551 |
||
| 942 |
_cBK _2ddc |
||
| 999 |
_c570968 _d570968 |
||